Представление документа в формате RUSMARC

ПолеНазваниеЗначение
  Тип записи a
  Библиографический уровень a
001 Контрольный номер RU/CBS_UL/BASE/352d9d0553ca4c3093b5a498e7505456
005 Дата корректировки 20250124010520.5
100 Данные общей обработки __
a Данные общей обработки 20240322 ||| 0rusy0189 ca
101 Язык документа 0_
a Язык текста rus
102 Страна публикации __
a Страна публикации RU
200 Заглавие и сведения об ответственности 1_
a Заглавие Только метафора. К 125-летию со дня рождения Юрия Олеши
f Первые сведения об ответственности И. Сухих
300 Общие примечания __
a Общие примечания 12+
461 Уровень набора _0
1 2000
a Литературная газета
463 Уровень физической единицы _0
1 2000
a № 9 (6-12 марта)
v С. 19 : фото
1 2101
d 2024
1 001RU/CBS_UL/BASE/2a35237fb14f404f9d7e3a1fda87eea8
600 Персоналии _1
a Персоналии (Фамилия) Олеша
b Персоналии (Имя, инициалы) Ю. К.
606 Тематические рубрики 0_
a Основная рубрика Олеша, Юрий Карлович (1899-1960)
610 Ключевые слова 0_
a Ключевые слова литературоведение
610 Ключевые слова 0_
a Ключевые слова российское литературоведение
610 Ключевые слова 0_
a Ключевые слова писатели
610 Ключевые слова 0_
a Ключевые слова российские писатели
686 Индексы других классификаций __
a Классификационный индекс 83.3(2Рос=Рус)6
701 Альтернативная интеллектуальная ответственность _1
a Фамилия Сухих
b Имя (инициалы) И.
801 Источник записи _0
a Страна RU
b Организация МБУК ЦБС г. Ульяновска
c Дата составления 20240322
g Правила каталогизации RCR
801 Источник записи _1
a Страна RU
b Организация МБУК ЦБС г. Ульяновска
c Дата составления 20240322
g Правила каталогизации RCR
901 Тип документа __
t Тип документа f
w Контрольный № источника RU/CBS_UL/BASE/2a35237fb14f404f9d7e3a1fda87eea8
909 Создатель записи __
a Создатель записи mbo